Strength of materials (Record no. 4143)

000 -LEADER
fixed length control field 00602nam a2200229 4500
001 - CONTROL NUMBER
control field 4143
003 - CONTROL NUMBER IDENTIFIER
control field BD-DhUET
008 - FIXED-LENGTH DATA ELEMENTS--GENERAL INFORMATION
fixed length control field 0
020 ## - INTERNATIONAL STANDARD BOOK NUMBER
International Standard Book Number 0070702977
040 ## - CATALOGING SOURCE
Transcribing agency 0
Modifying agency BD-DhUET
082 ## - DEWEY DECIMAL CLASSIFICATION NUMBER
Classification number 620.112
Item number WIL/1981
100 ## - MAIN ENTRY--PERSONAL NAME
Personal name Willems, Nicholas
245 ## - TITLE STATEMENT
Title Strength of materials
Statement of responsibility, etc. by Nicholas Willems, John T. Easley and Stanley T. Rolfe
250 ## - EDITION STATEMENT
Edition statement 1st ed.
260 ## - PUBLICATION, DISTRIBUTION, ETC. (IMPRINT)
Place of publication, distribution, etc. New York
Name of publisher, distributor, etc. McGraw-Hill
Date of publication, distribution, etc. 1981
300 ## - PHYSICAL DESCRIPTION
Extent xviii, 508 p.
Other physical details ill.
Dimensions 12 cm.
504 ## - BIBLIOGRAPHY, ETC. NOTE
Bibliography, etc Includes bibliographies
650 #0 - SUBJECT ADDED ENTRY--TOPICAL TERM
Topical term or geographic name as entry element Strength of materials
700 ## - ADDED ENTRY--PERSONAL NAME
Personal name Easley, John T.
700 ## - ADDED ENTRY--PERSONAL NAME
Personal name Rolfe, Stanley T.
942 ## - ADDED ENTRY ELEMENTS (KOHA)
Koha item type General Book
Holdings
Shelving location Piece designation (barcode) Source of classification or shelving scheme Koha normalized classification for sorting Koha full call number Copy number Date acquired Not for loan Lost status Koha out on loan Location (home branch) Koha date last borrowed Price effective from Damaged status Sublocation or collection (holding branch) Koha date last seen Koha issues (times borrowed) Koha item type Withdrawn status
Circulation section79849 620_112000000000000_WIL_1981620.112/WIL/198112014-11-12   Central Library, BUET2018-11-062014-11-12 Central Library, BUET2018-12-181General Book 
Circulation section79850 620_112000000000000_WIL_1981620.112/WIL/198122014-11-12   Central Library, BUET2018-12-222014-11-12 Central Library, BUET2019-04-241General Book 
Circulation section79853 620_000000000000000_112WIL1981620.112/WIL/198132014-11-12   Central Library, BUET 2014-11-12 Central Library, BUET2014-11-12 General Book 
Circulation section81408 620_000000000000000_112WIL1981620.112/WIL/198142014-11-12   Central Library, BUET 2014-11-12 Central Library, BUET2014-11-12 General Book 
Circulation section79852 620_000000000000000_112WIL1981620.112/WIL/198152014-11-12   Central Library, BUET2021-11-292014-11-12 Central Library, BUET2021-12-072General Book 
Circulation section79580 620_000000000000000_112WIL1981620.112/WIL/198162014-11-12  2025-12-22Central Library, BUET2025-12-082014-11-12 Central Library, BUET2025-12-081General Book 
Circulation section81410 620_000000000000000_112WIL1981620.112/WIL/198172014-11-12   Central Library, BUET 2014-11-12 Central Library, BUET2014-11-12 General Book 
Circulation section79851 620_000000000000000_112WIL1981620.112/WIL/198182014-11-12   Central Library, BUET2023-07-082014-11-12 Central Library, BUET2023-07-181General Book 
Circulation section81409 620_112000000000000_WIL_1981620.112/WIL/198192014-11-12   Central Library, BUET 2014-11-12 Central Library, BUET2014-11-12 General Book 
Circulation section79581  620_112000000000000_WIL_1981620.112/WIL/1981102015-02-04   Central Library, BUET 2015-02-04 Central Library, BUET2015-02-04 General Book